| 000 | 00528nam a2200181Ia 4500 | ||
|---|---|---|---|
| 003 | GCL | ||
| 008 | 140319s9999 xx 000 0 ara d | ||
| 040 |
_aGCL / _cGCL |
||
| 082 | 0 | 4 |
_aق _b350.03 _bب ش |
| 100 | 1 | _aبهاء الدين ابراهيم محمود | |
| 245 | 1 | 0 |
_aالشرطة والشعب / _cبهاء الدين ابراهيم محمود |
| 300 | _a84 ص | ||
| 490 | _a | ||
| 650 | 0 | 4 | _aالقانون |
| 650 | 0 | 4 | _aالشرطة المصرية |
| 650 | 0 | 4 | _aالاخلاق البوليسية |
| 942 |
_2ddc _cBK |
||
| 999 |
_c39249 _d39249 |
||